000 00300cam a22000977a 4500
008 180718b1960 xxu||||| |||| 00| 0 eng d
082 _aL2603x5453 K45r
245 _aRules and notification: Travancore- cochin vehicles taxation act, 1950
260 _aTrivandrum
_bGovernment Press
_c1960
300 _a67p.
999 _c429406
_d429406